[Event "St Petersburg Korchnoi Memorial op"]
[Site "St Petersburg"]
[Date "2023.08.21"]
[Round "6"]
[White "Cherepov, Alexej"]
[Black "Seryshev, Viktor"]
[Result "1-0"]
[WhiteElo "2102"]
[BlackElo "1487"]
[PlyCount "80"]
[EventDate "2023.08.18"]
[EventType "swiss"]
[EventRounds "9"]
[EventCountry "RUS"]
[SourceTitle "EXT 2024"]
[Source "ChessBase"]
[SourceDate "2023.10.10"]
[SourceVersion "1"]
[SourceVersionDate "2023.10.10"]
[SourceQuality "1"]

1. Nf3 Nf6 2. c4 g6 3. Nc3 Bg7 4. d4 d6 5. Bf4 0-0 6. h3 Nbd7 7. e3 c5 8. Be2 cxd4 9. exd4 b6 10. 0-0 Bb7 11. d5 Nc5 12. Re1 Qd7 13. Bf1 Rad8 14. b4 Na6 15. Rb1 Nc7 16. Be3 e6 17. dxe6 fxe6 18. Be2 Ne4 19. Nxe4 Bxe4 20. Rb3 d5 21. cxd5 Bxd5 22. Rd3 Nb5 23. Bd2 Qc7 24. Qa4 Nd6 25. Bg5 Rd7 26. Rc1 Qb7 27. Rxd5 exd5 28. Ba6 b5 29. Bxb7 bxa4 30. Bc6 Rfd8 31. Bxd5+ Kh8 32. Be6 h6 33. Bxd7 Rxd7 34. Bf4 Nf7 35. Rc7 Rxc7 36. Bxc7 a6 37. Kf1 Bc3 38. Ba5 Nd6 39. Ke2 Nb5 40. Kd3 Kg7 1-0

[Event "St Petersburg Korchnoi Memorial op"]
[Site "St Petersburg"]
[Date "2023.08.19"]
[Round "2"]
[White "Marchuk, Rostislav"]
[Black "Seryshev, Viktor"]
[Result "1-0"]
[WhiteElo "1998"]
[BlackElo "1487"]
[PlyCount "69"]
[EventDate "2023.08.18"]
[EventType "swiss"]
[EventRounds "9"]
[EventCountry "RUS"]
[SourceTitle "EXT 2024"]
[Source "ChessBase"]
[SourceDate "2023.10.10"]
[SourceVersion "1"]
[SourceVersionDate "2023.10.10"]
[SourceQuality "1"]

1. d4 Nf6 2. Nf3 g6 3. c4 Bg7 4. Nc3 0-0 5. Bg5 d6 6. e3 Nbd7 7. h3 c5 8. d5 Qa5 9. Nd2 a6 10. a4 e6 11. Be2 Re8 12. 0-0 exd5 13. cxd5 Ne5 14. Qc2 Qc7 15. Bf4 b6 16. Bh2 Bb7 17. e4 g5 18. f4 gxf4 19. Bxf4 Nfd7 20. Kh1 c4 21. Nd1 Rac8 22. Ra3 b5 23. axb5 axb5 24. Rg3 Ng6 25. Bg4 Ra8 26. Bxd7 Qxd7 27. Ne3 Nxf4 28. Rxf4 Kh8 29. Nf3 Be5 30. Nxe5 dxe5 31. Rf5 Bc8 32. Qf2 Re7 33. Ng4 Qd6 34. Nf6 Bxf5 35. Qxf5 1-0